Capital Cities in The Country's Language - Statistics

General Stats
  • This quiz has been taken 38 times
  • The average score is 12 of 14
Answer Stats
Hint Answer % Correct
Bruxelles Brussels
100%
Lisboa Lisbon
100%
Warszawa Warsaw
100%
København Copenhagen
97%
Київ Kiev
97%
Москва Moscow
97%
București Bucharest
94%
Wien Vienna
94%
Αθήνα Athens
91%
Lëtzebuerg Luxembourg
91%
Сарајево Sarajevo
80%
Masqaṭ Muscat
77%
Múnegu Monaco
57%
Ad-Dawḥah Doha
51%
No matching quizzes found
Score Distribution
Percent of People with Each Score
Percentile by Number Answered
Your Score History
You have not taken this quiz